Normal view
MARC view
Entry Topical Term
001 - CONTROL NUMBER
- control field: 25708
003 - CONTROL NUMBER IDENTIFIER
- control field: ARRUPE
005 - DATE AND TIME OF LATEST TRANSACTION
- control field: 20160913114419.0
008 - FIXED-LENGTH DATA ELEMENTS
- fixed length control field: 160913|| aca||aabn | a|a d
040 ## - CATALOGING SOURCE
- Original cataloging agency: ARRUPE
- Transcribing agency: ARRUPE
150 ## - HEADING--TOPICAL TERM
- Topical term or geographic name as entry element: Americans in Sub-Saharan Africa
670 ## - SOURCE DATA FOUND
- Source citation: Work cat.: (ARRUPE)0: Clendenen, Clarence C. (Clarence Clemens) 25707, Americans in Africa, 1865-1900, 1966.